[Event "MSRCH16"]
[Site "?"]
[Date "2026.04.12"]
[Round "4.10"]
[White "Nevicky, Nikola"]
[Black "Brand, Filip"]
[Result "1-0"]
[BlackElo "1777"]
[WhiteElo "1974"]
[LiveChessVersion "1.4.8"]

1. c4 {[%clk 1:30:54]} e5 {[%clk 1:30:47]} 2. g3 {[%clk 1:31:12]} g6
{[%clk 1:31:02]} 3. d4 {[%clk 1:30:56]} Bg7 {[%clk 1:29:51]} 4. dxe5
{[%clk 1:30:39]} Bxe5 {[%clk 1:30:03]} 5. Nf3 {[%clk 1:30:58]} Bg7
{[%clk 1:30:18]} 6. Bg2 {[%clk 1:31:02]} Nf6 {[%clk 1:27:10]} 7. Nc3
{[%clk 1:31:19]} O-O {[%clk 1:27:10]} 8. O-O {[%clk 1:31:27]} d6 {[%clk 1:24:11]}
9. e4 {[%clk 1:26:10]} Nc6 {[%clk 1:21:21]} 10. Qc2 {[%clk 1:23:20]} Bg4
{[%clk 1:17:40]} 11. Be3 {[%clk 1:18:46]} Qd7 {[%clk 1:14:42]} 12. b3
{[%clk 1:12:38]} Rfe8 {[%clk 1:09:13]} 13. Rae1 {[%clk 1:07:46]} Bh3
{[%clk 1:05:38]} 14. Nh4 {[%clk 1:04:28]} Bxg2 {[%clk 1:05:26]} 15. Kxg2
{[%clk 1:03:45]} Nb4 {[%clk 1:04:46]} 16. Qd2 {[%clk 1:03:02]} Nxe4
{[%clk 1:01:39]} 17. Nxe4 {[%clk 1:02:19]} Rxe4 {[%clk 1:02:03]} 18. f3
{[%clk 0:55:31]} Rxh4 {[%clk 1:02:12]} 19. gxh4 {[%clk 0:55:45]} Nc6
{[%clk 1:02:27]} 20. Bh6 {[%clk 0:52:11]} Be5 {[%clk 1:00:34]} 21. Bf4
{[%clk 0:52:00]} Bg7 {[%clk 1:00:09]} 22. Re2 {[%clk 0:48:56]} Ne7
{[%clk 0:59:49]} 23. Rfe1 {[%clk 0:48:11]} Nf5 {[%clk 0:59:54]} 24. Bg3
{[%clk 0:48:03]} Qc6 {[%clk 0:59:30]} 25. Qd5 {[%clk 0:44:50]} Qb6
{[%clk 0:59:28]} 26. Bf2 {[%clk 0:41:00]} Bd4 {[%clk 0:58:44]} 27. Re8+
{[%clk 0:40:14]} Rxe8 {[%clk 0:58:48]} 28. Rxe8+ {[%clk 0:40:40]} Kg7
{[%clk 0:59:07]} 29. Bxd4+ {[%clk 0:40:50]} Nxd4 {[%clk 0:59:10]} 30. Re7
{[%clk 0:40:47]} Nf5 {[%clk 0:58:52]} 31. Qxf7+ {[%clk 0:41:02]} 1-0

[Event "MSRCH16"]
[Site "?"]
[Date "2026.04.12"]
[Round "4.11"]
[White "Boros, David"]
[Black "Toth, Peter"]
[Result "1/2-1/2"]
[BlackElo "1756"]
[WhiteElo "1966"]
[LiveChessVersion "1.4.8"]

1. e4 {[%clk 1:26:44]} c5 {[%clk 1:30:56]} 2. Nf3 {[%clk 1:26:33]} Nc6
{[%clk 1:31:21]} 3. Bb5 {[%clk 1:26:57]} d6 {[%clk 1:30:59]} 4. O-O
{[%clk 1:25:18]} Bd7 {[%clk 1:30:00]} 5. Re1 {[%clk 1:24:56]} e6 {[%clk 1:29:34]}
6. c3 {[%clk 1:23:52]} Nge7 {[%clk 1:24:32]} 7. d4 {[%clk 1:23:14]} cxd4
{[%clk 1:24:52]} 8. cxd4 {[%clk 1:23:32]} Ng6 {[%clk 1:23:11]} 9. Nc3
{[%clk 1:21:47]} Be7 {[%clk 1:19:59]} 10. d5 {[%clk 1:13:33]} Nce5
{[%clk 1:13:21]} 11. Nd4 {[%clk 1:07:47]} exd5 {[%clk 0:49:03]} 12. Bxd7+
{[%clk 1:05:52]} Qxd7 {[%clk 0:47:25]} 13. Nxd5 {[%clk 1:05:59]} O-O
{[%clk 0:45:02]} 14. b3 {[%clk 1:01:15]} Rac8 {[%clk 0:34:28]} 15. Ba3
{[%clk 0:59:59]} Rfd8 {[%clk 0:31:19]} 16. Qd2 {[%clk 0:51:19]} Qg4
{[%clk 0:25:43]} 17. Nxe7+ {[%clk 0:46:06]} Nxe7 {[%clk 0:26:03]} 18. h3
{[%clk 0:39:16]} Qg6 {[%clk 0:24:19]} 19. Kh1 {[%clk 0:39:05]} a6
{[%clk 0:19:43]} 20. f4 {[%clk 0:34:19]} N5c6 {[%clk 0:19:24]} 21. Rac1
{[%clk 0:33:42]} h6 {[%clk 0:17:57]} 22. f5 {[%clk 0:27:24]} Qf6 {[%clk 0:12:21]}
23. Bb2 {[%clk 0:27:23]} Ne5 {[%clk 0:12:39]} 24. Rxc8 {[%clk 0:22:47]} Rxc8
{[%clk 0:13:01]} 25. Rd1 {[%clk 0:22:25]} d5 {[%clk 0:11:35]} 26. Qe2
{[%clk 0:13:48]} Re8 {[%clk 0:06:44]} 27. Nf3 {[%clk 0:12:41]} dxe4
{[%clk 0:02:59]} 28. Nxe5 {[%clk 0:12:09]} Qxf5 {[%clk 0:03:17]} 29. Rf1
{[%clk 0:12:16]} Qe6 {[%clk 0:02:48]} 30. Qc4 {[%clk 0:03:57]} Qxc4
{[%clk 0:02:53]} 31. Nxc4 {[%clk 0:04:19]} Nd5 {[%clk 0:02:45]} 32. Re1
{[%clk 0:03:35]} Re6 {[%clk 0:01:27]} 33. Ne3 {[%clk 0:02:25]} Nb4
{[%clk 0:01:37]} 34. a3 {[%clk 0:01:57]} Nd3 {[%clk 0:02:04]} 35. Re2
{[%clk 0:02:23]} g6 {[%clk 0:01:55]} 36. g4 {[%clk 0:01:37]} Nf4 {[%clk 0:02:18]}
37. Rh2 {[%clk 0:02:01]} Rd6 {[%clk 0:02:23]} 38. Be5 {[%clk 0:02:10]} Rd3
{[%clk 0:02:21]} 39. Bxf4 {[%clk 0:02:20]} g5 {[%clk 0:02:43]} 40. Bxg5
{[%clk 0:00:35]} hxg5 {[%clk 0:03:08]} 41. Re2 {[%clk 0:17:34]} Rxb3
{[%clk 0:33:19]} 42. Kg2 {[%clk 0:17:59]} Rxa3 {[%clk 0:33:36]} 43. Nc4
{[%clk 0:18:22]} Rd3 {[%clk 0:28:56]} 44. Rxe4 {[%clk 0:18:27]} b5
{[%clk 0:29:08]} 45. Ne3 {[%clk 0:15:24]} b4 {[%clk 0:28:01]} 46. Kf3
{[%clk 0:13:30]} Rb3 {[%clk 0:14:35]} 47. Re5 {[%clk 0:12:13]} f6
{[%clk 0:13:38]} 48. Ra5 {[%clk 0:12:30]} Ra3 {[%clk 0:13:47]} 49. Rxa3
{[%clk 0:12:17]} bxa3 {[%clk 0:14:05]} 50. Nc2 {[%clk 0:12:44]} Kf7
{[%clk 0:14:31]} 51. Nxa3 {[%clk 0:12:48]} Ke6 {[%clk 0:14:36]} 52. Ke4
{[%clk 0:13:13]} a5 {[%clk 0:14:06]} 53. Nb5 {[%clk 0:04:04]} a4 {[%clk 0:14:24]}
54. Na3 {[%clk 0:03:26]} Kf7 {[%clk 0:14:37]} 55. Kf5 {[%clk 0:03:50]} Kg7
{[%clk 0:14:49]} 56. Ke6 {[%clk 0:03:56]} Kg6 {[%clk 0:15:13]} 57. Ke7
{[%clk 0:04:06]} f5 {[%clk 0:15:03]} 58. gxf5+ {[%clk 0:04:03]} Kxf5
{[%clk 0:15:26]} 59. Kf7 {[%clk 0:04:10]} 1/2-1/2

[Event "MSRCH16"]
[Site "?"]
[Date "2026.04.12"]
[Round "4.12"]
[White "Mrazik, Lukas"]
[Black "Chmurny, Richard"]
[Result "1-0"]
[BlackElo "1734"]
[WhiteElo "1929"]
[LiveChessVersion "1.4.8"]

1. e4 {[%clk 1:30:56]} c5 {[%clk 1:30:56]} 2. Nf3 {[%clk 1:31:18]} Nc6
{[%clk 1:31:16]} 3. d4 {[%clk 1:31:31]} cxd4 {[%clk 1:31:40]} 4. Nxd4
{[%clk 1:31:56]} Nf6 {[%clk 1:32:06]} 5. Nc3 {[%clk 1:32:04]} e5 {[%clk 1:32:31]}
6. Nb3 {[%clk 1:32:25]} a6 {[%clk 1:30:41]} 7. f3 {[%clk 1:32:24]} d6
{[%clk 1:30:00]} 8. Be3 {[%clk 1:32:39]} Be7 {[%clk 1:29:26]} 9. Qd2
{[%clk 1:32:34]} Be6 {[%clk 1:28:33]} 10. O-O-O {[%clk 1:32:03]} Qc7
{[%clk 1:24:59]} 11. Kb1 {[%clk 1:31:27]} b5 {[%clk 1:22:51]} 12. g4
{[%clk 1:30:55]} h6 {[%clk 1:19:28]} 13. h4 {[%clk 1:26:07]} Nd7 {[%clk 1:16:47]}
14. Nd5 {[%clk 1:21:40]} Bxd5 {[%clk 1:14:40]} 15. exd5 {[%clk 1:22:03]} Na7
{[%clk 1:14:45]} 16. f4 {[%clk 1:17:15]} exf4 {[%clk 1:12:32]} 17. Bxf4
{[%clk 1:17:36]} Kf8 {[%clk 1:03:14]} 18. Bg2 {[%clk 1:12:34]} Rc8
{[%clk 1:01:14]} 19. g5 {[%clk 1:11:04]} h5 {[%clk 0:59:22]} 20. g6
{[%clk 1:10:15]} Bf6 {[%clk 0:59:03]} 21. gxf7 {[%clk 1:09:23]} Ne5
{[%clk 0:58:31]} 22. Bxe5 {[%clk 1:08:43]} Bxe5 {[%clk 0:58:52]} 23. Bh3
{[%clk 1:08:40]} Rb8 {[%clk 0:57:48]} 24. Be6 {[%clk 1:03:45]} b4
{[%clk 0:56:20]} 25. Nd4 {[%clk 1:01:47]} Bxd4 {[%clk 0:53:44]} 26. Qxd4
{[%clk 0:58:28]} Nb5 {[%clk 0:53:58]} 27. Qd3 {[%clk 0:57:33]} Qa5
{[%clk 0:53:30]} 28. Ka1 {[%clk 0:51:47]} Qd8 {[%clk 0:47:00]} 29. Rdf1
{[%clk 0:43:17]} Rh6 {[%clk 0:46:45]} 30. Qg3 {[%clk 0:33:17]} Rf6
{[%clk 0:42:57]} 31. Rfg1 {[%clk 0:31:44]} g6 {[%clk 0:42:37]} 32. Qg5
{[%clk 0:31:08]} Nd4 {[%clk 0:41:10]} 33. Qh6+ {[%clk 0:21:17]} Ke7
{[%clk 0:41:27]} 34. f8=Q+ {[%clk 0:18:22]} Qxf8 {[%clk 0:41:16]} 35. Qh7+
{[%clk 0:18:20]} Rf7 {[%clk 0:41:23]} 36. Bxf7 {[%clk 0:17:21]} Qxf7
{[%clk 0:41:39]} 37. Re1+ {[%clk 0:17:23]} Kf6 {[%clk 0:40:51]} 38. Rhf1+
{[%clk 0:17:34]} Nf5 {[%clk 0:41:15]} 39. Re6+ {[%clk 0:17:27]} 1-0

[Event "MSRCH16"]
[Site "?"]
[Date "2026.04.12"]
[Round "4.13"]
[White "Livnansky, Michal"]
[Black "Artner, Jakub"]
[Result "1-0"]
[BlackElo "1629"]
[WhiteElo "1910"]
[LiveChessVersion "1.4.8"]

1. d4 {[%clk 1:30:46]} Nf6 {[%clk 1:30:28]} 2. c4 {[%clk 1:31:09]} d6
{[%clk 1:30:03]} 3. Nc3 {[%clk 1:31:24]} g6 {[%clk 1:30:24]} 4. Bg5
{[%clk 1:31:12]} Bg7 {[%clk 1:30:11]} 5. e3 {[%clk 1:31:33]} O-O {[%clk 1:29:58]}
6. Bd3 {[%clk 1:31:55]} c6 {[%clk 1:24:46]} 7. Nge2 {[%clk 1:32:01]} Qc7
{[%clk 1:24:16]} 8. O-O {[%clk 1:31:52]} Nbd7 {[%clk 1:23:24]} 9. b4
{[%clk 1:23:38]} e5 {[%clk 1:15:36]} 10. Qb3 {[%clk 1:16:58]} Re8
{[%clk 1:06:44]} 11. f3 {[%clk 1:10:40]} h6 {[%clk 0:58:34]} 12. Bh4
{[%clk 1:10:42]} exd4 {[%clk 0:56:01]} 13. exd4 {[%clk 1:10:39]} Nb6
{[%clk 0:49:46]} 14. Bg3 {[%clk 1:09:07]} Qd8 {[%clk 0:47:23]} 15. d5
{[%clk 0:43:21]} cxd5 {[%clk 0:21:46]} 16. cxd5 {[%clk 0:42:57]} Re3
{[%clk 0:21:20]} 17. Rad1 {[%clk 0:41:51]} Nfxd5 {[%clk 0:17:11]} 18. Nxd5
{[%clk 0:40:58]} Be6 {[%clk 0:15:03]} 19. Nef4 {[%clk 0:35:18]} Nxd5
{[%clk 0:09:38]} 20. Nxd5 {[%clk 0:35:45]} Qd7 {[%clk 0:08:50]} 21. Bf4
{[%clk 0:34:57]} Qc6 {[%clk 0:06:54]} 22. Ne7+ 1-0

[Event "MSRCH16"]
[Site "?"]
[Date "2026.04.12"]
[Round "4.14"]
[White "Pauko, Sebastian"]
[Black "Boba, Kristian"]
[Result "1/2-1/2"]
[BlackElo "1826"]
[WhiteElo "1726"]
[LiveChessVersion "1.4.8"]

1. d4 {[%clk 1:30:52]} d5 {[%clk 1:30:55]} 2. Nf3 {[%clk 1:31:17]} Nf6
{[%clk 1:31:15]} 3. Bf4 {[%clk 1:31:40]} e6 {[%clk 1:31:37]} 4. e3 c5
{[%clk 1:31:43]} 5. c4 {[%clk 1:31:08]} cxd4 {[%clk 1:31:15]} 6. exd4
{[%clk 1:31:29]} Nc6 {[%clk 1:29:00]} 7. Nc3 {[%clk 1:29:24]} a6 {[%clk 1:26:06]}
8. a3 {[%clk 1:23:11]} Bd6 {[%clk 1:21:51]} 9. Bxd6 {[%clk 1:15:08]} Qxd6
{[%clk 1:22:00]} 10. c5 {[%clk 1:13:31]} Qc7 {[%clk 1:19:25]} 11. Na4
{[%clk 1:08:04]} Nd7 {[%clk 1:13:56]} 12. Rc1 {[%clk 1:03:07]} b6
{[%clk 1:02:04]} 13. cxb6 {[%clk 1:00:16]} Nxb6 {[%clk 1:01:58]} 14. Ne5
{[%clk 1:00:28]} Nxa4 {[%clk 0:55:04]} 15. Rxc6 {[%clk 0:53:47]} Nxb2
{[%clk 0:46:39]} 16. Rxc7 {[%clk 0:50:28]} Nxd1 {[%clk 0:46:57]} 17. Nxf7
{[%clk 0:49:25]} O-O {[%clk 0:45:59]} 18. Nd6 {[%clk 0:36:28]} Nxf2
{[%clk 0:36:57]} 19. Rg1 {[%clk 0:28:37]} Ng4 {[%clk 0:34:44]} 20. h3
{[%clk 0:23:48]} Nf6 {[%clk 0:31:35]} 21. Bd3 Ne8 {[%clk 0:32:16]} 22. Rxc8
{[%clk 0:23:43]} Nxd6 {[%clk 0:32:16]} 23. Rc6 {[%clk 0:23:45]} Nb5
{[%clk 0:31:34]} 24. Rxe6 {[%clk 0:19:06]} Nxd4 25. Rxa6 {[%clk 0:19:32]} Rxa6
{[%clk 0:25:36]} 26. Bxa6 {[%clk 0:19:06]} Nc2+ {[%clk 0:26:09]} 27. Ke2
{[%clk 0:18:42]} Nxa3 {[%clk 0:22:01]} 28. Rd1 {[%clk 0:16:00]} Rd8
{[%clk 0:22:13]} 29. Rd3 {[%clk 0:12:39]} Nc2 {[%clk 0:20:46]} 30. Bb7
{[%clk 0:10:40]} d4 31. Rd2 Kf7 {[%clk 0:12:02]} 32. Kd3 {[%clk 0:09:08]} Ne3
{[%clk 0:06:47]} 33. Ke4 {[%clk 0:08:13]} Kf6 {[%clk 0:05:54]} 34. Rxd4
{[%clk 0:07:46]} Rxd4+ {[%clk 0:06:15]} 35. Kxd4 {[%clk 0:08:05]} Nf5+
{[%clk 0:06:09]} 36. Kd3 {[%clk 0:08:26]} h5 {[%clk 0:05:47]} 37. Bf3
{[%clk 0:08:20]} Nh4 {[%clk 0:04:17]} 38. Bxh5 {[%clk 0:08:18]} Nxg2
{[%clk 0:04:40]} 39. Bg4 {[%clk 0:08:14]} Kg5 {[%clk 0:04:30]} 40. Ke2
{[%clk 0:07:36]} Kf4 {[%clk 0:02:59]} 41. Bc8 {[%clk 0:06:45]} Kg3
{[%clk 0:01:04]} 42. Kf1 {[%clk 0:06:41]} Nf4 {[%clk 0:01:08]} 43. Kg1
{[%clk 0:06:40]} Nxh3+ {[%clk 0:00:42]} 44. Kh1 {[%clk 0:07:03]} g5
{[%clk 0:30:10]} 45. Bd7 {[%clk 0:37:12]} Nf4 {[%clk 0:30:03]} 46. Bc8
{[%clk 0:37:14]} Nh5 {[%clk 0:30:02]} 47. Ba6 {[%clk 0:37:08]} Kf3
{[%clk 0:29:53]} 48. Bb7+ {[%clk 0:37:11]} Kf4 {[%clk 0:30:04]} 49. Bc8
{[%clk 0:35:48]} Ng3+ {[%clk 0:28:15]} 50. Kh2 {[%clk 0:35:51]} Nf5
{[%clk 0:28:37]} 51. Bxf5 {[%clk 0:34:13]} Kxf5 {[%clk 0:28:58]} 52. Kg3
{[%clk 0:34:39]} g4 {[%clk 0:29:02]} 53. Kg2 {[%clk 0:35:01]} Kf4
{[%clk 0:26:14]} 54. Kf2 {[%clk 0:35:22]} g3+ {[%clk 0:25:09]} 55. Kg2
{[%clk 0:35:39]} Kg4 {[%clk 0:25:34]} 56. Kg1 {[%clk 0:36:04]} Kh3
{[%clk 0:25:49]} 57. Kh1 {[%clk 0:36:21]} g2+ {[%clk 0:25:35]} 58. Kg1
{[%clk 0:36:50]} Kg3 {[%clk 0:25:53]} 1/2-1/2

[Event "MSRCH16"]
[Site "?"]
[Date "2026.04.12"]
[Round "4.15"]
[White "Vavra, Martin"]
[Black "Simonov, Tobias"]
[Result "1/2-1/2"]
[BlackElo "1708"]
[WhiteElo "1798"]
[LiveChessVersion "1.4.8"]

1. e4 {[%clk 1:30:57]} e6 {[%clk 1:30:09]} 2. d4 {[%clk 1:31:15]} d5
{[%clk 1:30:30]} 3. e5 {[%clk 1:31:39]} c5 {[%clk 1:30:55]} 4. c3
{[%clk 1:32:02]} Nc6 {[%clk 1:31:12]} 5. Nf3 {[%clk 1:32:24]} Bd7
{[%clk 1:31:07]} 6. a3 {[%clk 1:29:45]} cxd4 {[%clk 1:31:00]} 7. cxd4
{[%clk 1:30:03]} Qb6 {[%clk 1:29:10]} 8. b4 {[%clk 1:30:01]} Rc8 {[%clk 1:27:23]}
9. Be3 {[%clk 1:28:25]} Nge7 {[%clk 1:15:53]} 10. Bd3 {[%clk 1:28:30]} a6
{[%clk 1:14:35]} 11. O-O {[%clk 1:27:14]} Na7 {[%clk 1:11:15]} 12. Nbd2
{[%clk 1:23:51]} Bb5 {[%clk 1:10:21]} 13. Nb3 {[%clk 1:23:21]} Bxd3
{[%clk 1:04:21]} 14. Qxd3 {[%clk 1:23:14]} Nb5 {[%clk 1:01:01]} 15. a4
{[%clk 1:12:57]} Rc3 {[%clk 0:56:21]} 16. Qb1 {[%clk 1:09:59]} Na7
{[%clk 0:53:57]} 17. Nc5 {[%clk 1:05:06]} Nf5 {[%clk 0:51:30]} 18. Bd2
{[%clk 0:56:44]} Rc4 {[%clk 0:51:10]} 19. Qd3 {[%clk 0:55:26]} Nc6
{[%clk 0:49:17]} 20. Rfb1 {[%clk 0:32:46]} Nfxd4 {[%clk 0:44:54]} 21. Nxd4
{[%clk 0:32:22]} Rxd4 {[%clk 0:44:49]} 22. Qc3 {[%clk 0:29:12]} Rc4
{[%clk 0:43:13]} 23. Qa3 {[%clk 0:26:40]} Nxe5 {[%clk 0:39:26]} 24. Re1
{[%clk 0:23:39]} Nd7 {[%clk 0:34:12]} 25. Be3 {[%clk 0:21:04]} Bxc5
{[%clk 0:32:12]} 26. bxc5 {[%clk 0:21:08]} Nxc5 {[%clk 0:32:36]} 27. Rab1
{[%clk 0:20:58]} Qc6 {[%clk 0:30:47]} 28. Bxc5 {[%clk 0:21:03]} Qxc5
{[%clk 0:30:40]} 29. Qg3 {[%clk 0:18:46]} O-O {[%clk 0:29:11]} 30. Rxb7
{[%clk 0:17:43]} Rc1 {[%clk 0:29:20]} 31. Qe5 {[%clk 0:17:58]} Rxe1+
{[%clk 0:29:10]} 32. Qxe1 {[%clk 0:18:24]} Rc8 {[%clk 0:28:50]} 33. g3
{[%clk 0:17:53]} Kf8 {[%clk 0:25:03]} 34. Qe2 {[%clk 0:15:43]} Qc6
{[%clk 0:21:32]} 35. Rb4 {[%clk 0:15:49]} Rd8 {[%clk 0:21:15]} 36. Qd3
{[%clk 0:10:57]} g6 {[%clk 0:12:09]} 37. Qd4 {[%clk 0:10:04]} Qc1+
{[%clk 0:09:17]} 38. Kg2 {[%clk 0:10:26]} Qc7 {[%clk 0:07:14]} 1/2-1/2

[Event "MSRCH16"]
[Site "?"]
[Date "2026.04.12"]
[Round "4.16"]
[White "Bernard, Matthias"]
[Black "Jokai, Bence"]
[Result "1-0"]
[BlackElo "1788"]
[WhiteElo "1696"]
[LiveChessVersion "1.4.8"]

1. e4 {[%clk 1:30:57]} c6 {[%clk 1:30:57]} 2. d4 {[%clk 1:31:23]} d5
{[%clk 1:31:24]} 3. f3 {[%clk 1:31:48]} Nd7 {[%clk 1:30:42]} 4. Nc3
{[%clk 1:30:08]} e6 {[%clk 1:30:56]} 5. Bf4 {[%clk 1:27:20]} dxe4
{[%clk 1:30:27]} 6. fxe4 {[%clk 1:25:05]} Ngf6 {[%clk 1:30:28]} 7. Nf3
{[%clk 1:23:42]} Bb4 {[%clk 1:30:36]} 8. Bd3 {[%clk 1:19:38]} O-O
{[%clk 1:29:34]} 9. Qd2 {[%clk 1:15:39]} c5 {[%clk 1:26:56]} 10. dxc5
{[%clk 1:00:33]} Nxc5 {[%clk 1:27:02]} 11. Qe2 {[%clk 0:50:18]} Bd7
{[%clk 1:20:29]} 12. O-O {[%clk 0:46:44]} Bc6 {[%clk 1:17:52]} 13. e5
{[%clk 0:40:48]} Nd5 {[%clk 1:15:25]} 14. Nxd5 {[%clk 0:38:13]} Bxd5
{[%clk 1:10:31]} 15. Rad1 {[%clk 0:32:58]} Qc7 {[%clk 1:08:39]} 16. a3
{[%clk 0:30:00]} Nxd3 {[%clk 1:08:29]} 17. cxd3 {[%clk 0:29:04]} Bc5+
{[%clk 1:06:13]} 18. Kh1 {[%clk 0:25:57]} Qd7 {[%clk 1:01:47]} 19. Ng5
{[%clk 0:21:45]} h6 {[%clk 1:00:13]} 20. Ne4 {[%clk 0:21:04]} Be7
{[%clk 0:57:33]} 21. Qg4 {[%clk 0:15:39]} Kh8 {[%clk 0:57:11]} 22. Qh5
{[%clk 0:14:21]} Kg8 {[%clk 0:53:56]} 23. Bxh6 {[%clk 0:07:29]} g6
{[%clk 0:49:04]} 24. Qg4 {[%clk 0:06:46]} Rfc8 {[%clk 0:44:59]} 25. Bg5
{[%clk 0:06:00]} Rc2 {[%clk 0:39:58]} 26. Qh4 {[%clk 0:04:48]} Bxg5
{[%clk 0:38:19]} 27. Qxg5 {[%clk 0:05:07]} Kf8 {[%clk 0:36:47]} 28. Qxg6
{[%clk 0:02:33]} Qc7 {[%clk 0:35:10]} 29. Qh6+ {[%clk 0:02:21]} Ke7
{[%clk 0:32:54]} 30. Qg5+ {[%clk 0:02:19]} Kf8 {[%clk 0:32:48]} 31. Qh6+
{[%clk 0:01:06]} Ke7 {[%clk 0:33:14]} 32. Qf6+ {[%clk 0:01:14]} Kf8
{[%clk 0:33:26]} 33. Qh6+ {[%clk 0:00:57]} Ke7 {[%clk 0:33:49]} 34. Qf4
{[%clk 0:00:53]} Rf8 {[%clk 0:33:48]} 35. Rc1 {[%clk 0:00:56]} Qc6
{[%clk 0:29:34]} 36. Rxc2 {[%clk 0:00:42]} Qxc2 {[%clk 0:29:52]} 37. Qc1
{[%clk 0:00:52]} Qxc1 {[%clk 0:29:46]} 38. Rxc1 {[%clk 0:01:19]} Kd8
{[%clk 0:29:48]} 39. Nf6 {[%clk 0:00:49]} Bc6 {[%clk 0:29:32]} 40. b4
{[%clk 0:00:36]} Ke7 {[%clk 0:29:37]} 41. h3 {[%clk 0:25:55]} Rc8
{[%clk 0:59:54]} 42. Kg1 {[%clk 0:23:31]} a6 {[%clk 0:59:48]} 43. Kf2
{[%clk 0:21:51]} Kd8 {[%clk 0:59:46]} 44. h4 {[%clk 0:21:12]} Ke7
{[%clk 0:59:23]} 45. h5 {[%clk 0:20:42]} Rh8 {[%clk 0:59:35]} 46. g4
{[%clk 0:20:45]} Kf8 {[%clk 0:59:50]} 47. Kg3 {[%clk 0:20:35]} Kg7
{[%clk 1:00:01]} 48. Kf4 {[%clk 0:20:14]} 1-0

[Event "MSRCH16"]
[Site "?"]
[Date "2026.04.12"]
[Round "4.17"]
[White "Papay, Aurel"]
[Black "Klenko, David"]
[Result "1/2-1/2"]
[BlackElo "1783"]
[WhiteElo "1625"]
[LiveChessVersion "1.4.8"]

1. e4 {[%clk 1:30:57]} e5 {[%clk 1:30:48]} 2. Nf3 {[%clk 1:31:21]} Nc6
{[%clk 1:31:12]} 3. Bb5 {[%clk 1:31:44]} a6 {[%clk 1:30:43]} 4. Ba4
{[%clk 1:32:04]} Nf6 {[%clk 1:30:44]} 5. O-O {[%clk 1:32:12]} d6 6. Re1
{[%clk 1:32:13]} Bg4 {[%clk 1:30:29]} 7. c3 {[%clk 1:30:59]} Be7 {[%clk 1:29:16]}
8. d3 {[%clk 1:30:20]} O-O {[%clk 1:29:08]} 9. Nbd2 {[%clk 1:30:22]} b5
{[%clk 1:27:46]} 10. Bc2 {[%clk 1:30:36]} b4 {[%clk 1:27:17]} 11. Nf1
{[%clk 1:25:08]} bxc3 {[%clk 1:21:15]} 12. bxc3 {[%clk 1:24:37]} d5
{[%clk 1:20:45]} 13. exd5 {[%clk 1:14:34]} Qxd5 {[%clk 1:16:11]} 14. Ne3
{[%clk 1:11:27]} Bxf3 {[%clk 1:16:00]} 15. Nxd5 {[%clk 1:11:49]} Bxd1
{[%clk 1:16:24]} 16. Nxe7+ {[%clk 1:11:53]} Nxe7 {[%clk 1:16:33]} 17. Bxd1
{[%clk 1:12:05]} Ng6 {[%clk 1:15:32]} 18. Bg5 {[%clk 0:56:51]} Nd7
{[%clk 1:10:37]} 19. Rb1 {[%clk 0:49:41]} Rab8 {[%clk 1:07:00]} 20. Bc2
{[%clk 0:45:35]} h6 {[%clk 1:05:14]} 21. Be3 {[%clk 0:42:19]} Nb6
{[%clk 1:03:49]} 22. Rb3 {[%clk 0:38:27]} Nd5 {[%clk 1:02:34]} 23. Reb1
{[%clk 0:36:41]} Rxb3 {[%clk 1:01:57]} 24. Rxb3 {[%clk 0:37:02]} Nge7
{[%clk 0:58:00]} 25. c4 {[%clk 0:30:41]} Nxe3 {[%clk 0:55:32]} 26. fxe3
{[%clk 0:30:59]} Nc6 {[%clk 0:55:15]} 27. Rb7 {[%clk 0:27:51]} Rd8
{[%clk 0:48:58]} 28. Ba4 {[%clk 0:20:31]} Ne7 {[%clk 0:40:18]} 29. Kf2
{[%clk 0:01:32]} Ng6 {[%clk 0:34:41]} 30. Ke2 {[%clk 0:00:43]} Rc8
{[%clk 0:30:47]} 31. Bd7 {[%clk 0:00:49]} Rd8 {[%clk 0:30:55]} 32. Rxc7
{[%clk 0:00:55]} Nf8 {[%clk 0:29:20]} 33. Ba4 {[%clk 0:00:40]} Rb8
{[%clk 0:27:07]} 34. Bb3 {[%clk 0:00:57]} Rb6 {[%clk 0:25:31]} 35. c5
{[%clk 0:00:44]} Rf6 {[%clk 0:25:11]} 36. Re7 {[%clk 0:00:44]} Ng6
{[%clk 0:25:15]} 37. Re8+ {[%clk 0:00:52]} Kh7 {[%clk 0:25:44]} 38. Rc8
{[%clk 0:00:55]} a5 {[%clk 0:24:50]} 39. c6 {[%clk 0:01:09]} Ne7 {[%clk 0:25:18]}
40. Rc7 {[%clk 0:00:44]} Nxc6 {[%clk 0:25:17]} 41. Rxf7 {[%clk 0:01:00]} Rd6
{[%clk 0:23:05]} 1/2-1/2

[Event "MSRCH16"]
[Site "?"]
[Date "2026.04.12"]
[Round "4.18"]
[White "Sekerak, Filip"]
[Black "Zaborsky, Richard"]
[Result "1-0"]
[BlackElo "1662"]
[WhiteElo "1764"]
[LiveChessVersion "1.4.8"]

1. e4 {[%clk 1:30:58]} c6 {[%clk 1:30:46]} 2. Nf3 {[%clk 1:31:24]} d5
{[%clk 1:31:09]} 3. Nc3 {[%clk 1:31:52]} dxe4 {[%clk 1:31:36]} 4. Nxe4
{[%clk 1:32:16]} Bg4 {[%clk 1:32:04]} 5. Bc4 {[%clk 1:32:16]} Nd7
{[%clk 1:31:23]} 6. Bxf7+ {[%clk 1:31:51]} Kxf7 {[%clk 1:31:16]} 7. Nfg5+
{[%clk 1:32:12]} Ke8 {[%clk 1:31:08]} 8. Qxg4 {[%clk 1:32:34]} Ngf6
{[%clk 1:29:37]} 9. Qe6 {[%clk 1:32:38]} Qa5 {[%clk 1:23:58]} 10. Nd6+
{[%clk 1:29:41]} Kd8 {[%clk 1:24:15]} 11. Nxb7+ 1-0

[Event "MSRCH16"]
[Site "?"]
[Date "2026.04.12"]
[Round "4.19"]
[White "Tirko, Martin"]
[Black "Slivka, Martin"]
[Result "1/2-1/2"]
[BlackElo "1657"]
[WhiteElo "1766"]
[LiveChessVersion "1.4.8"]

1. c4 {[%clk 1:30:50]} Nf6 {[%clk 1:30:54]} 2. Nc3 {[%clk 1:30:46]} g6
{[%clk 1:31:11]} 3. g3 {[%clk 1:31:01]} Bg7 {[%clk 1:31:08]} 4. Bg2
{[%clk 1:30:38]} d6 {[%clk 1:30:19]} 5. d4 {[%clk 1:30:26]} O-O {[%clk 1:30:28]}
6. Bg5 {[%clk 1:30:21]} c5 {[%clk 1:27:10]} 7. e3 {[%clk 1:23:36]} h6
{[%clk 1:20:07]} 8. Bxf6 {[%clk 1:23:51]} Bxf6 {[%clk 1:20:34]} 9. Nge2
{[%clk 1:24:12]} cxd4 {[%clk 1:18:09]} 10. Nxd4 {[%clk 1:24:20]} Nd7
{[%clk 1:12:21]} 11. O-O {[%clk 1:23:48]} Ne5 {[%clk 1:06:18]} 12. b3
{[%clk 1:20:14]} Qd7 {[%clk 0:51:47]} 13. Rc1 {[%clk 1:18:24]} Rb8
{[%clk 0:50:25]} 14. Ndb5 {[%clk 1:11:40]} a6 {[%clk 0:48:13]} 15. Nd4
{[%clk 1:12:06]} Nc6 {[%clk 0:45:59]} 16. Nd5 {[%clk 1:10:23]} Bg7
{[%clk 0:43:33]} 17. c5 {[%clk 1:05:24]} dxc5 {[%clk 0:38:07]} 18. Rxc5
{[%clk 1:05:42]} Nxd4 {[%clk 0:35:22]} 19. exd4 {[%clk 1:06:09]} e6
{[%clk 0:34:38]} 20. Nb6 {[%clk 1:02:56]} Qxd4 {[%clk 0:34:09]} 21. Qxd4
{[%clk 1:03:24]} Bxd4 {[%clk 0:34:12]} 22. Rxc8 {[%clk 1:03:52]} Bxb6
{[%clk 0:32:01]} 23. Rxf8+ {[%clk 1:04:13]} Kxf8 {[%clk 0:32:18]} 24. Rc1
{[%clk 1:03:45]} Ke7 {[%clk 0:25:41]} 1/2-1/2